[Event "Hennebont Grand Prix U14"]
[Site "Hennebont"]
[Date "2006.08.06"]
[Round "6"]
[White "Grisoni, Lucas"]
[Black "Purenne, Benoit"]
[Result "1/2-1/2"]
[WhiteElo "1500"]
[BlackElo "1630"]
[PlyCount "56"]
[EventDate "2006.08.06"]
[EventType "swiss"]
[EventRounds "7"]
[EventCountry "FRA"]
[SourceTitle "EXT 2008"]
[Source "ChessBase"]
[SourceDate "2007.11.25"]
[SourceVersion "1"]
[SourceVersionDate "2007.11.25"]
[SourceQuality "1"]

1. e4 d5 2. exd5 e6 3. dxe6 Bxe6 4. d4 Bd6 5. Nf3 Nc6 6. Nc3 Nge7 7. Bb5 Qd7 8. 0-0 0-0-0 9. Kh1 Nd5 10. Nxd5 Bxd5 11. c4 Bxf3 12. Qxf3 Kb8 13. d5 Nd4 14. Bxd7 Nxf3 15. gxf3 Rxd7 16. Rb1 Re8 17. Be3 f5 18. f4 Re4 19. Rfe1 Rde7 20. Red1 Rxc4 21. Rd4 Rxd4 22. Bxd4 Re4 23. Bxg7 Rxf4 24. Re1 b6 25. Re2 Rg4 26. Be5 Bxe5 27. Rxe5 Rf4 28. Kg2 Kc8 1/2-1/2

[Event "Hennebont Grand Prix U14"]
[Site "Hennebont"]
[Date "2006.08.06"]
[Round "4"]
[White "Lyall, Thomas"]
[Black "Grisoni, Lucas"]
[Result "0-1"]
[WhiteElo "1370"]
[BlackElo "1500"]
[PlyCount "82"]
[EventDate "2006.08.06"]
[EventType "swiss"]
[EventRounds "7"]
[EventCountry "FRA"]
[SourceTitle "EXT 2008"]
[Source "ChessBase"]
[SourceDate "2007.11.25"]
[SourceVersion "1"]
[SourceVersionDate "2007.11.25"]
[SourceQuality "1"]

1. e4 e6 2. Nf3 d5 3. e5 c5 4. Bb5+ Nc6 5. d3 Qb6 6. Ba4 Nge7 7. c4 d4 8. a3 Ng6 9. b4 Bd7 10. b5 Ncxe5 11. Nxe5 Nxe5 12. Bf4 Bd6 13. Bxe5 Bxe5 14. Qe2 Bc7 15. Nd2 0-0 16. Nf3 a6 17. Qe4 axb5 18. Ng5 f5 19. Qh4 h6 20. Bxb5 Bxb5 21. cxb5 hxg5 22. Qxg5 Qxb5 23. Qg6 Rfe8 24. h4 Bf4 25. Ke2 c4 26. h5 Bh6 27. Rab1 cxd3+ 28. Kf3 Qd5+ 29. Kg3 Qe5+ 30. Kh3 Rec8 31. Rxb7 Qf6 32. Qxf6 gxf6 33. g4 Rxa3 34. gxf5 d2+ 35. Kh2 Rc1 36. Rb8+ Bf8 37. Rxc1 dxc1Q 38. Rxf8+ Kxf8 39. h6 Qxh6+ 40. Kg2 Qh3+ 41. Kg1 Ra1# 0-1

[Event "Hennebont Grand Prix U14"]
[Site "Hennebont"]
[Date "2006.08.05"]
[Round "3"]
[White "Grisoni, Lucas"]
[Black "Delporte, Charles"]
[Result "0-1"]
[WhiteElo "1500"]
[BlackElo "1300"]
[PlyCount "98"]
[EventDate "2006.08.06"]
[EventType "swiss"]
[EventRounds "7"]
[EventCountry "FRA"]
[SourceTitle "EXT 2008"]
[Source "ChessBase"]
[SourceDate "2007.11.25"]
[SourceVersion "1"]
[SourceVersionDate "2007.11.25"]
[SourceQuality "1"]

1. e4 e5 2. Nf3 Nc6 3. d4 d5 4. dxe5 dxe4 5. Qxd8+ Nxd8 6. Ng5 f6 7. exf6 Nxf6 8. Nc3 Bf5 9. f3 exf3 10. Nxf3 Bxc2 11. Bf4 Ne6 12. Bg3 Ne4 13. Nxe4 Bxe4 14. 0-0-0 Rd8 15. Re1 Bd5 16. Bxc7 Rc8 17. Bb5+ Ke7 18. Rd1 Rxc7+ 19. Kb1 Be4+ 20. Ka1 a6 21. Ba4 b5 22. Bb3 Bc2 23. Bxc2 Rxc2 24. Rhe1 g6 25. Nd4 Rxg2 26. Nxe6 Kf6 27. Nxf8 Rxf8 28. a3 Rxh2 29. Rf1+ Kg7 30. Rd7+ Kg8 31. Re1 Rhf2 32. Re6 R2f6 33. Ree7 R6f7 34. Rxf7 Rxf7 35. Rd6 a5 36. Rb6 b4 37. axb4 axb4 38. Rxb4 Kg7 39. Rg4 h5 40. Rg1 Kh6 41. b4 Rb7 42. Rb1 g5 43. Ka2 g4 44. Kb3 g3 45. Rh1 Kg5 46. Rh3 Kg4 47. Rh1 g2 48. Rg1 Kg3 49. Kc4 Kf2 0-1